Sports Quiz

Random Sports or Baseball Quiz
Score 0/134 Timer 08:00
0 Plays Today
Publication info Player % Correct
Dec. 1987Mark McGwire
92.4%
May 1988Mark McGwire
92.4%
Nov. 1989Mark McGwire
92.4%
Dec. 1990Mark McGwire
92.4%
Sept. 1992Mark McGwire
92.4%
Oct. 1994Mark McGwire
92.4%
Dec. 1996Mark McGwire
92.4%
Oct. 1999Mark McGwire
92.4%
Oct. 2003Mark McGwire
92.4%
2007 (29th Ed.)Mark McGwire
92.4%
2011 (33rd Ed.)Mark McGwire
92.4%
Jan. 2015Mark McGwire
92.4%
Dec. 1990Barry Bonds
91.4%
Sept. 1992Barry Bonds
91.4%
Oct. 1994Barry Bonds
91.4%
Dec. 1996Barry Bonds
91.4%
Oct. 1999Barry Bonds
91.4%
Oct. 2003Barry Bonds
91.4%
2007 (29th Ed.)Barry Bonds
91.4%
2011 (33rd Ed.)Barry Bonds
91.4%
Jan. 2015Barry Bonds
91.4%
Dec. 1987Jose Canseco
85.3%
May 1988Jose Canseco
85.3%
Nov. 1989Jose Canseco
85.3%
Dec. 1990Jose Canseco
85.3%
Sept. 1992Jose Canseco
85.3%
Oct. 1994Jose Canseco
85.3%
Oct. 1999Jose Canseco
85.3%
Oct. 1994Greg Maddux
82.1%
Dec. 1996Greg Maddux
82.1%
Oct. 1999Greg Maddux
82.1%
Oct. 2003Greg Maddux
82.1%
2007 (29th Ed.)Greg Maddux
82.1%
2011 (33rd Ed.)Greg Maddux
82.1%
Jan. 2015Greg Maddux
82.1%
Dec. 1996Cal Ripken Jr.
80.6%
Oct. 1999Cal Ripken Jr.
80.6%
Oct. 2003Cal Ripken Jr.
80.6%
2007 (29th Ed.)Cal Ripken Jr.
80.6%
2011 (33rd Ed.)Cal Ripken Jr.
80.6%
Jan. 2015Cal Ripken Jr.
80.6%
2007 (29th Ed.)Roger Clemens
77.5%
2007 (29th Ed.)Roger Clemens
77.5%
2011 (33rd Ed.)Roger Clemens
77.5%
2011 (33rd Ed.)Roger Clemens
77.5%
Publication info Player % Correct
Jan. 2015Roger Clemens
77.5%
Jan. 2015Roger Clemens
77.5%
Dec. 1996Nolan Ryan
74%
Oct. 1999Nolan Ryan
74%
Oct. 2003Nolan Ryan
74%
2007 (29th Ed.)Nolan Ryan
74%
2011 (33rd Ed.)Nolan Ryan
74%
Jan. 2015Nolan Ryan
74%
Dec. 1987Don Mattingly
72.1%
May 1988Don Mattingly
72.1%
Nov. 1989Don Mattingly
72.1%
Dec. 1987Bo Jackson
67.9%
Nov. 1989Bo Jackson
67.9%
Dec. 1990Bo Jackson
67.9%
Sept. 1992Bo Jackson
67.9%
Oct. 1994Bo Jackson
67.9%
Oct. 2003Bo Jackson
67.9%
2007 (29th Ed.)Bo Jackson
67.9%
2011 (33rd Ed.)Bo Jackson
67.9%
Jan. 2015Bo Jackson
67.9%
Dec. 1987Will Clark
63.2%
May 1988Will Clark
63.2%
Nov. 1989Will Clark
63.2%
Dec. 1990Will Clark
63.2%
Sept. 1992Will Clark
63.2%
Oct. 1994Will Clark
63.2%
Dec. 1996Will Clark
63.2%
Oct. 1999Will Clark
63.2%
Oct. 2003Will Clark
63.2%
2007 (29th Ed.)Will Clark
63.2%
2011 (33rd Ed.)Will Clark
63.2%
Jan. 2015Will Clark
63.2%
Dec. 1990Bobby Bonilla
63%
Sept. 1992Bobby Bonilla
63%
Dec. 1987Wade Boggs
62.5%
Sept. 1992Rafael Palmeiro
61.5%
Oct. 1994Rafael Palmeiro
61.5%
Dec. 1996Rafael Palmeiro
61.5%
Oct. 1999Rafael Palmeiro
61.5%
Oct. 2003Rafael Palmeiro
61.5%
2007 (29th Ed.)Rafael Palmeiro
61.5%
2011 (33rd Ed.)Rafael Palmeiro
61.5%
Jan. 2015Rafael Palmeiro
61.5%
Dec. 1987Eric Davis
57.8%
Dec. 1987Eric Davis
57.8%
Publication info Player % Correct
May 1988Eric Davis
57.8%
May 1988Eric Davis
57.8%
Nov. 1989Eric Davis
57.8%
Dec. 1990Barry Larkin
56.9%
Sept. 1992Barry Larkin
56.9%
Dec. 1996Barry Larkin
56.9%
Oct. 1999Barry Larkin
56.9%
Oct. 2003Barry Larkin
56.9%
2007 (29th Ed.)Barry Larkin
56.9%
2011 (33rd Ed.)Barry Larkin
56.9%
Jan. 2015Barry Larkin
56.9%
Nov. 1989Kevin Mitchell
46.3%
Dec. 1990Kevin Mitchell
46.3%
Nov. 1989Fred McGriff
44.9%
Sept. 1992Fred McGriff
44.9%
Oct. 1994Fred McGriff
44.9%
Dec. 1996Fred McGriff
44.9%
Dec. 1987Wally Joyner
40.9%
Dec. 1987Wally Joyner
40.9%
May 1988Wally Joyner
40.9%
Dec. 1987Ruben Sierra
40.4%
May 1988Ruben Sierra
40.4%
Nov. 1989Ruben Sierra
40.4%
Dec. 1990Ruben Sierra
40.4%
Sept. 1992Ruben Sierra
40.4%
Oct. 1994Ruben Sierra
40.4%
Nov. 1989David Cone
34.1%
Oct. 1994David Cone
34.1%
Dec. 1996David Cone
34.1%
Oct. 1999David Cone
34.1%
May 1988Mike Greenwell
33.1%
Nov. 1989Mike Greenwell
33.1%
Dec. 1990Mike Greenwell
33.1%
Dec. 1987Benito Santiago
31.9%
May 1988Benito Santiago
31.9%
Oct. 1999Kevin Brown
29.9%
Oct. 2003Kevin Brown
29.9%
2007 (29th Ed.)Kevin Brown
29.9%
2011 (33rd Ed.)Kevin Brown
29.9%
Jan. 2015Kevin Brown
29.9%
Oct. 1994John Kruk
25.2%
Oct. 2003Jamie Moyer
20.8%
May 1988Devon White
20.1%
Dec. 1987Pete Incaviglia
18.6%
Remove Ads.
Support Sporcle.
Get the best of Sporcle when you Go Orange. This ad-free experience offers more features, more stats, and more fun while also helping to support Sporcle. Thank you for becoming a member.

You're not logged in!

Compare scores with friends on all Sporcle quizzes.
OR
Log In

Show Comments

Extras

Top Quizzes Today


Score Distribution

Your Account Isn't Verified!

In order to create a playlist on Sporcle, you need to verify the email address you used during registration. Go to your Sporcle Settings to finish the process.

Report this User

Report this user for behavior that violates our Community Guidelines.

Details: